00353nam a2200133 a 45000010010000000030011000100080041000210350026000620820016000881000022001042450023001262600044001496500026001930000-9177ELIB.Books110520 1956  a(ELIB.Books)0000-9329 a920.9 bGol aGoldsmith, Oliver aVicar of Wakefield bLondon; Macmillan & Company Ltd. c1956 aGeography and History